000 00523nam a2200217Ia 4500
003 OSt
005 20250715101455.0
008 210210b2004 xxu||||| |||| 00| 0 eng d
020 _a81 259 1004 2
040 _cAL
041 _aEnglish
082 _a658.001 DWIM
100 _aDwivedi D N
_9126286
245 _aManagerial economics
250 _a6
260 _aND
_bVikas Publishing House Pvt Ltd.
_c2004
300 _axxiv,650p.
690 _aBusiness Economics
_9126287
906 _a059770
942 _2ddc
_cBK
999 _c106741
_d106741